000 00289nam a22001217a 4500
003 SGT
082 _a617.3
_bC76C
100 _aCrelin, Edmund S.
245 _aClinical Symposia
_bDevelopment of the Upper Respiratory System
260 _bC.I.B.A.
_c1976
300 _a30
942 _2ddc
_cRARE
999 _c33142
_d33142